000 00344pab a2200145 454500
008 180718b1997 xxu||||| |||| 00| 0 eng d
100 _aOberoi, Narendra Kumar
245 _aThe Rastogi report: requiem for the academia
260 _c1997
300 _ap.10
362 _a16 Oct
650 _aEducation
773 _aTribune
909 _a36482
999 _c36482
_d36482